Aktuálne otázky vyrovnávania úrovne ekonomického rozvoja krajín RVHP v podmienkach SEI zborník zo sympózia v Nových Vozokanoch 9.-11. júna 1980

Salvato in:
Dettagli Bibliografici
Natura: Libro
Lingua:slovacco
Pubblicazione: Bratislava Ekonomický ústav SAV 1980
Soggetti:
Tags: Aggiungi Tag
Nessun Tag, puoi essere il primo ad aggiungerne!!

MARC

LEADER 00000nam a2200000 4500
001 c141156
005 20260325094958.2
041 0 |a slo 
044 |a SK 
245 1 0 |a Aktuálne otázky vyrovnávania úrovne ekonomického rozvoja krajín RVHP v podmienkach SEI  |b zborník zo sympózia v Nových Vozokanoch 9.-11. júna 1980 
264 1 |a Bratislava  |b Ekonomický ústav SAV  |c 1980 
300 |a 95 s. 
610 2 0 |a RVHP